000 00590nam a22001817a 4500
003 KOHA_MİRAKIL
005 20251224142840.0
008 251224b tu ||||| |||| 00| 0 tur d
020 _a9786051365558
040 _aTR-AnABB
_btur
_cTR-AnABB
041 _atur
082 _a351.007
_bYON 2021
245 1 0 _aYönetim bilimini yeniden düşünmek durum değerlendirmesi /
260 _aAnkara :
_bAnkara Üniversitesi Siyasal Bilgiler Fakültesi Kamu Yönetimi Araştırma ve Uygulama Merkezi,
_c2021
300 _a600 sayfa ;
_c24 cm
650 0 4 _aYönetim bilimi
942 _2ddc
_cBK
999 _c9929
_d9929
900 _bGizem YORULMAZ